Online
Catalog
Normal view MARC view

Entry Nombre geográfico

Number of records used in: 14

001 - NÚMERO DE CONTROL

  • campo de control: 6935

003 - IDENTIFICADOR DEL NÚMERO DE CONTROL

  • campo de control: OSt

005 - FECHA Y HORA DE LA ÚLTIMA TRANSACCIÓN

  • campo de control: 20200615032145.0

008 - DATOS DE LONGITUD FIJA

  • campo de control de longitud fija: 200615|| aca||aabn | a|a d

040 ## - FUENTE DE LA CATALOGACIÓN

  • Centro catalogador/agencia de origen: OSt
  • Centro/agencia transcriptor: OSt

151 ## - ENCABEZAMIENTO--NOMBRE GEOGRÁFICO

  • Nombre geográfico: REPÚBLICA DOMINICANA
  • Subdivisión general: VIDA RELIGIOSA Y COSTUMBRES

670 ## - FUENTE DE DATOS ENCONTRADOS

  • Cita de la fuente: Work cat.: (OSt)2020: Tejeda Ortiz, Juan Dagoberto, 1940- 6930, Mana :, 1981.

Powered by Koha